It looks like you're offline.
Open Library logo
additional options menu

MARC Record from Scriblio

Record ID marc_records_scriblio_net/part01.dat:181025923:601
Source Scriblio
Download Link /show-records/marc_records_scriblio_net/part01.dat:181025923:601?format=raw

LEADER: 00601cam 22001931a 4500
001 07005675
003 DLC
005 20041110171615.0
008 850906s1893 nyu 000 1 eng
010 $a 07005675
035 $a(OCoLC)12497010
040 $aDLC$cOOxM$dMeU-P$dOCoLC$dFMU$dMBU$dDLC
050 00 $aPZ3.H84$bWor$aPS2025
100 1 $aHowells, William Dean,$d1837-1920.
245 14 $aThe world of chance :$ba novel /$cby W.D. Howells.
260 $aNew York :$bHarper,$c1893.
300 $a375 p. ;$c19 cm.
490 0 $aHarper's Franklin Square library, new series ;$vno. 736
510 4 $aBAL$c9673 (note)